00427cam a22001337a 4500008004000000020001800040082001700058100002800075245008400103260002400187300001000211650005100221650002100272180718b2012 xxu||||| |||| 00| 0 eng d a9788178359335 aA99 B223 D26 aDasgupta, Surajit Kumar aGreen star over West Bengal:study of Mamata Banerjeecby Surajit Kumar Dasgupta aDelhibKalpazc2012 a206p. aWest Bengal (India) -- Politics and government aBanerjee, Mamata